Statistiques concernant Pays les plus visités au Monténégro

Cliquez ici pour prendre le quiz!

Statistiques générales

  • Ce quiz a été pris 129 fois
  • Le résultat moyen est 11 sur 15

Statistiques - réponses

Visiteurspays% Correct
60,865France
99%
57,813Allemagne
90%
405,426Serbie
88%
28,597Croatie
86%
350,468Russie
85%
35,525Italie
83%
56,206Albanie
77%
183,690Bosnie Herzégovine
75%
46,948Kosovo
75%
45,947Turquie
75%
42,360Royaume-Uni
68%
56,061Pologne
66%
57,795Ukraine
58%
31,211Biélorussie
31%
30,506Israel
7%

Distribution des résultats

Percentile par nombre de réponses

% des personnes avec chaque résultat

Votre développement - résultats

Vous n’avez pas pris ce quiz